Informačné systémy marketingu
Salvato in:
| Autore principale: | |
|---|---|
| Ente Autore: | |
| Natura: | Libro |
| Lingua: | slovacco |
| Pubblicazione: |
Bratislava
Ekonóm
2002
|
| Soggetti: | |
| Tags: |
Nessun Tag, puoi essere il primo ad aggiungerne!!
|
MARC
| LEADER | 00000nam a2200000 4500 | ||
|---|---|---|---|
| 001 | c141018 | ||
| 005 | 20221124092309.8 | ||
| 020 | |a 80-225-1638-4 | ||
| 041 | 0 | |a slo | |
| 044 | |a SK | ||
| 245 | 1 | 0 | |a Informačné systémy marketingu |c Miroslav Mariaš |
| 264 | 1 | |a Bratislava |b Ekonóm |c 2002 | |
| 300 | |a 172 s. | ||
| 610 | 2 | 0 | |a marketing |
| 610 | 2 | 0 | |a systémy informačné |
| 610 | 2 | 0 | |a rozhodovanie |
| 610 | 2 | 0 | |a zdroje informácií |
| 610 | 2 | 0 | |a obchod |
| 610 | 2 | 0 | |a siete počítačové |
| 610 | 2 | 0 | |a báza dát |
| 610 | 2 | 0 | |a využitie počítačov |
| 610 | 2 | 0 | |a technológie informačné |
| 610 | 2 | 0 | |a informácie |
| 610 | 2 | 0 | |a identifikácia automatická |
| 610 | 2 | 0 | |a maloobchod |
| 610 | 2 | 0 | |a veľkoobchod |
| 610 | 2 | 0 | |a internet |
| 610 | 2 | 0 | |a obchod elektronický |
| 100 | 1 | |a Mariaš, Miroslav | |
| 710 | 2 | |a Ekonomická univerzita v Bratislave. Obchodná fakulta | |